000 00200 a2200097 4500
001 19903
100 _aGreen A E S
245 _aNuclear physics
260 _a
_bIslamic Pub
_c
090 _c14525
_d14525
942 _aNUST-CAE
_cM
_c5031
999 _c254976
_d254976